00973cam a2200229 a 450000100100000000500170001000800410002704000250006808200280009310000480012124501250016925000110029426001040030530000200040949000170042960000560044670000340050283000240053691000370056095201310059799900150072800000342620200929150435.0801215s1984 ng 000 0 spa  aDO-SdBNPbspacBNPHU a320.50924bS217F, 1984.1 aSandino, Augusto César,d1895-193491068210aIdeario político del general Augusto César Sandino /cAugusto César Sandino; recopilación Carlos Fonseca Amador. a2a ed. aManagua, Nicaragua :bDepartamento Nacional de Propaganda y Educación Política del FSLN,c1984. a78 p. ;c17 cm. aViva Sandino10aSANDINO, AUGUSTO CÉSAR,d1895-1934xCITAS.91068312aFonseca Amador, Carlos910684 0aViva Sandino910685 aValidado. Control de calidad MFF 001052708MOaGRbGRcHDd2009-07-08iLF1l0o320.50924 S217F, 1984.p3426-10r2020-06-25w2020-06-25y2ZPréstamo interno c3256d3256